|
|
|
|
| LEADER |
00000naa2a2200000 4500 |
| 001 |
383039 |
| 005 |
20231101063048.0 |
| 035 |
|
|
|a (RuTPU)RU\TPU\prd\7941
|
| 090 |
|
|
|a 383039
|
| 100 |
|
|
|a 20021030a2002 k y0rusy50 ca
|
| 101 |
0 |
|
|a rus
|
| 102 |
|
|
|a RU
|
| 200 |
1 |
|
|a Схемотехника универсальных технологических контроллеров: аналого-цифровые преобразователи
|
| 225 |
1 |
|
|a Автоматика
|
| 311 |
|
|
|a Продолжение. Начало: 2001, №9.
|
| 320 |
|
|
|a Библиогр.: 14 назв.
|
| 461 |
|
1 |
|0 (RuTPU)RU\TPU\prd\2494
|t Схемотехника
|o научно-технический журнал
|d 2002-2007
|
| 463 |
|
1 |
|0 (RuTPU)RU\TPU\prd\2501
|t № 2
|v С. 2-7
|d 2002
|
| 610 |
1 |
|
|a контроллеры
|
| 610 |
1 |
|
|a аналого-цифровые преобразователи
|
| 610 |
1 |
|
|a микросхемы
|
| 801 |
|
1 |
|a RU
|b 63413507
|c 20021030
|g PSBO
|
| 801 |
|
2 |
|a RU
|b 63413507
|c 20131217
|g PSBO
|
| 942 |
|
|
|c BK
|